World Class :Thieving Locally in the Global Economy (Record no. 2059)
[ view plain ]
| 000 -LEADER | |
|---|---|
| fixed length control field | 00417nam a2200145Ia 4500 |
| 008 - FIXED-LENGTH DATA ELEMENTS--GENERAL INFORMATION | |
| fixed length control field | 151213s9999 xx 000 0 und d |
| 100 ## - MAIN ENTRY--PERSONAL NAME | |
| Personal name | Rosabeth Moss Kanter |
| 245 ## - TITLE STATEMENT | |
| Title | World Class :Thieving Locally in the Global Economy |
| Statement of responsibility, etc. | Rosabeth Moss Kanter |
| 260 ## - PUBLICATION, DISTRIBUTION, ETC. (IMPRINT) | |
| Place of publication, distribution, etc. | New York |
| Name of publisher, distributor, etc. | Simon & Schusher |
| Date of publication, distribution, etc. | 1995 |
| 300 ## - PHYSICAL DESCRIPTION | |
| Extent | 2972 p. |
| 650 ## - SUBJECT ADDED ENTRY--TOPICAL TERM | |
| Topical term or geographic name as entry element | Economics |
| 650 ## - SUBJECT ADDED ENTRY--TOPICAL TERM | |
| Topical term or geographic name as entry element | Economy |
| 700 ## - ADDED ENTRY--PERSONAL NAME | |
| Personal name | Rosabeth Moss Kanter |
No items available.
